000 00876nam a22002777a 4500
001 BR8108756
003 BR-BrBNA
005 20230928091210.0
007 ta
008 230509b bl.||||| |||| 00| 0 por d
040 _aBR-BrBNA
_bpor
_cBiblioteca Nacional de Agricultura
041 _a(Por)
072 _aP05; F01
_b/G514
090 _ P05 BR8108756
110 1 _aComissao Estadual de Planejamento Agricola de Mato Grosso do Sul, Campo Grande (Brasil)
_92030
245 1 _aEstimativa do consumo de combustivel e derivados de petroleo na producao agricola. Safra 81/82 [Mato Grosso do Sul, Brasil]
260 3 _aCampo Grande, MS (Brasil):
_c1981.
300 _a103 p.
500 _a13 tables
650 _aPRODUCAO VEGETAL
650 _aCOMBUSTIVEL
650 _aCONSUMO
650 _aMATO GROSSO DO SUL
909 _a202309
_bLucia
_c55
_dLucia Elande
942 _cBK
999 _c32779
_d32779